[Event "28. Klatovy A 2022"]
[Site "Klatovy"]
[Date "2022.07.08"]
[Round "7.25"]
[White "Boucek, Vlastimil 1968"]
[Black "Pecka, Jan"]
[Result "1/2-1/2"]
[WhiteElo "1756"]
[BlackElo "1863"]
[PlyCount "115"]
[EventDate "2022.07.02"]
[EventType "swiss"]
[EventRounds "9"]
[EventCountry "CZE"]

1. e4 c5 2. Nc3 Nc6 3. d3 g6 4. f4 Bg7 5. Nf3 d6 6. g3 e6 7. Bg2 Nge7 8. O-O O-O 9. Ne2 b5 10. c3 b4 11. c4 f5 12. Qc2 Rb8 13. Rb1 b3 14. axb3 Qb6 15. Bd2 Qxb3 16. Qxb3 Rxb3 17. Bc3 Bxc3 18. bxc3 Rxb1 19. Rxb1 fxe4 20. dxe4 Ba6 21. Nd2 Rb8 22. Rxb8+ Nxb8 23. Nc1 Nd7 24. Ncb3 Nb6 25. e5 dxe5 26. Nxc5 Bxc4 27. Nxc4 Nxc4 28. Nxe6 exf4 29. Nxf4 Kf8 30. Kf2 a5 31. Ne6+ Ke8 32. Nc5 Nc8 33. Bc6+ Ke7 34. Ne4 N8b6 35. Bb5 a4 36. Nc5 a3 37. Bxc4 Nxc4 38. Nb3 Ke6 39. Ke2 Kd5 40. Kd3 g5 41. h3 a2 42. Kc2 Na5 43. Na1 Kc4 44. Kb2 Kd3 45. Kxa2 Kxc3 46. Kb1 Nb3 47. Nc2 Kd3 48. Nb4+ Ke4 49. g4 Nd4 50. Na6 Kf4 51. Nc5 Kg3 52. Ne4+ Kh4 53. Nf6 h6 54. Ng8 h5 55. gxh5 Nf5 56. h6 Nxh6 57. Nxh6 Kxh3 58. Kc2 1/2-1/2

[Event "28. Klatovy A 2022"]
[Site "Klatovy"]
[Date "2022.07.08"]
[Round "7.26"]
[White "Fiser, Jiri2"]
[Black "Lhotsky, Zdenek"]
[Result "0-1"]
[WhiteElo "1800"]
[BlackElo "1794"]
[PlyCount "72"]
[EventDate "2022.07.02"]
[EventType "swiss"]
[EventRounds "9"]
[EventCountry "CZE"]

1. e4 c5 2. Nf3 d6 3. d4 cxd4 4. Nxd4 Nf6 5. Nc3 a6 6. Be2 e5 7. Nb3 Be7 8. O-O O-O 9. Bg5 b5 10. Bxf6 Bxf6 11. a4 bxa4 12. Rxa4 Be6 13. Bc4 Be7 14. Bd5 Ra7 15. Qd3 Qb6 16. Rfa1 Rc8 17. Bxe6 fxe6 18. Qh3 Rf8 19. Qxe6+ Kh8 20. Rf1 Bh4 21. g3 Raf7 22. Nd5 Qa7 23. Qxf7 Rxf7 24. gxh4 Nc6 25. Rc4 Qb7 26. Kg2 h6 27. f3 Qb5 28. Rc3 a5 29. Rb1 a4 30. Nc1 Nd4 31. b3 axb3 32. cxb3 Kh7 33. Rb2 Ra7 34. Ne3 Qe8 35. Kf2 Qh5 36. Ng2 Rf7 0-1

[Event "28. Klatovy A 2022"]
[Site "Klatovy"]
[Date "2022.07.08"]
[Round "7.27"]
[White "Rerabek, Jaroslav"]
[Black "Paldus, Jan"]
[Result "1/2-1/2"]
[WhiteElo "1721"]
[BlackElo "1709"]
[PlyCount "74"]
[EventDate "2022.07.02"]
[EventType "swiss"]
[EventRounds "9"]
[EventCountry "CZE"]

1. e4 d6 2. d4 Nf6 3. Nc3 g6 4. Bg5 c6 5. Qd2 b5 6. a3 Nbd7 7. Bh6 Bb7 8. Bxf8 Nxf8 9. Bd3 Qb6 10. Nf3 Ne6 11. d5 Nc5 12. dxc6 Bxc6 13. Qe2 O-O 14. O-O b4 15. axb4 Qxb4 16. Nd5 Bxd5 17. exd5 Nxd5 18. c3 Qb7 19. Bc4 Nb6 20. Ba2 Nba4 21. Rab1 Rab8 22. Rfd1 Kg7 23. Rd4 Qc7 24. Qc2 Nb6 25. h4 h5 26. Ng5 e5 27. Rd2 Rbd8 28. b4 Nca4 29. c4 Qc6 30. Bb3 Rc8 31. b5 Qc5 32. Bxa4 Nxc4 33. Rdd1 Qb6 34. Qd3 Qa5 35. Bb3 Na3 36. Rbc1 Rxc1 37. Rxc1 Nxb5 1/2-1/2

[Event "28. Klatovy A 2022"]
[Site "Klatovy"]
[Date "2022.07.09"]
[Round "8.1"]
[White "Straka, Vojtech"]
[Black "Kopta, Pavel"]
[Result "1/2-1/2"]
[WhiteElo "2421"]
[BlackElo "2234"]
[PlyCount "46"]
[EventDate "2022.07.02"]
[EventType "swiss"]
[EventRounds "9"]
[EventCountry "CZE"]

1. d4 Nf6 2. c4 e6 3. Nf3 d5 4. g3 Be7 5. Bg2 Nbd7 6. Nc3 c6 7. Qd3 b6 8. cxd5 exd5 9. O-O O-O 10. Bf4 Bb7 11. Rac1 Re8 12. Bh3 a6 13. Ne5 Nxe5 14. dxe5 Nd7 15. e6 fxe6 16. Bxe6+ Kh8 17. Bh3 Bf6 18. Rfd1 Nc5 19. Qf3 Qe7 20. Be3 Bc8 21. Bxc8 Raxc8 22. Qg4 Qb7 23. Qb4 a5 1/2-1/2

[Event "28. Klatovy A 2022"]
[Site "Klatovy"]
[Date "2022.07.09"]
[Round "8.2"]
[White "Slovak, Kilian"]
[Black "Hurdzan, Tomas"]
[Result "1/2-1/2"]
[WhiteElo "2321"]
[BlackElo "2317"]
[PlyCount "44"]
[EventDate "2022.07.02"]
[EventType "swiss"]
[EventRounds "9"]
[EventCountry "CZE"]

1. e4 e5 2. Nf3 Nc6 3. Bb5 a6 4. Ba4 Nf6 5. O-O Be7 6. Re1 b5 7. Bb3 O-O 8. a4 Bb7 9. Nc3 b4 10. Nd5 d6 11. Nxf6+ Bxf6 12. Bd5 Qc8 13. d3 Ne7 14. Bxb7 Qxb7 15. h3 c5 16. Nh2 g6 17. Bh6 Bg7 18. Qd2 f6 19. Bxg7 Kxg7 20. Ng4 Rf7 21. Nh6 Rff8 22. Ng4 Rf7 1/2-1/2

[Event "28. Klatovy A 2022"]
[Site "Klatovy"]
[Date "2022.07.09"]
[Round "8.4"]
[White "Jun, Rudolf Jr"]
[Black "Eret, Matous"]
[Result "1/2-1/2"]
[WhiteElo "2134"]
[BlackElo "2273"]
[PlyCount "37"]
[EventDate "2022.07.02"]
[EventType "swiss"]
[EventRounds "9"]
[EventCountry "CZE"]

1. e4 c5 2. Nf3 e6 3. c4 Nc6 4. Nc3 Nf6 5. Be2 e5 6. O-O Be7 7. d3 O-O 8. Nd5 h6 9. a3 d6 10. h3 Nxd5 11. cxd5 Nb8 12. b4 b6 13. bxc5 bxc5 14. Nh2 Nd7 15. Bg4 Rb8 16. Bf5 c4 17. dxc4 Nb6 18. Qg4 Bg5 19. Bxg5 1/2-1/2

[Event "28. Klatovy A 2022"]
[Site "Klatovy"]
[Date "2022.07.09"]
[Round "8.5"]
[White "Janous, Marek"]
[Black "Vorisek, Jaroslav"]
[Result "1/2-1/2"]
[WhiteElo "2175"]
[BlackElo "2270"]
[PlyCount "28"]
[EventDate "2022.07.02"]
[EventType "swiss"]
[EventRounds "9"]
[EventCountry "CZE"]

1. e4 e5 2. Nf3 Nc6 3. d4 exd4 4. Nxd4 Bc5 5. Nb3 Bb6 6. Nc3 Nf6 7. Qe2 O-O 8. Bg5 h6 9. Bh4 Re8 10. O-O-O d6 11. f3 Be6 12. g4 a5 13. Na4 Ba7 14. Qg2 Ne5 1/2-1/2

[Event "28. Klatovy A 2022"]
[Site "Klatovy"]
[Date "2022.07.09"]
[Round "8.6"]
[White "Formanek, Martin"]
[Black "Kopriva, Martin"]
[Result "1-0"]
[WhiteElo "2233"]
[BlackElo "2124"]
[PlyCount "113"]
[EventDate "2022.07.02"]
[EventType "swiss"]
[EventRounds "9"]
[EventCountry "CZE"]

1. Nf3 g6 2. g3 Bg7 3. Bg2 Nf6 4. O-O O-O 5. c4 d6 6. Nc3 e5 7. d3 c6 8. Rb1 a5 9. a3 Re8 10. Ne1 h6 11. Nc2 d5 12. cxd5 Nxd5 13. Ne3 Be6 14. Bd2 Nxe3 15. Bxe3 Nd7 16. b4 axb4 17. Rxb4 Rxa3 18. Qc1 Qa5 19. Nb1 Qxb4 20. Nxa3 Ra8 21. Nc2 Qc3 22. Bd2 Qb3 23. Na1 Qa2 24. Nc2 Qb3 25. Na1 Qb5 26. Nc2 Kh7 27. Nb4 Nc5 28. Bc3 Nb3 29. Qb2 Ra4 30. Nc2 Qa6 31. Nb4 Qb5 32. Nc2 Bd5 33. Bxd5 Qxd5 34. Rb1 Nd4 35. Bxd4 Ra2 36. Qc1 exd4 37. Nb4 Qe6 38. Nxa2 Qxa2 39. Rxb7 Qxe2 40. Qxc6 Qxd3 41. Rxf7 Qd1+ 42. Kg2 Qe2 43. Qd5 Kh8 44. Rd7 h5 45. h4 Qe1 46. Rd6 Kh7 47. Re6 Qb1 48. Re7 Qf5 49. Qxd4 Qf8 50. Qxg7+ Qxg7 51. Rxg7+ Kxg7 52. Kf3 Kf7 53. Kf4 Kf6 54. f3 Kf7 55. Kg5 Kg7 56. f4 Kh7 57. f5 1-0

[Event "28. Klatovy A 2022"]
[Site "Klatovy"]
[Date "2022.07.09"]
[Round "8.7"]
[White "Dvorak, Jan"]
[Black "Hulin, Petr"]
[Result "1/2-1/2"]
[WhiteElo "2194"]
[BlackElo "2090"]
[PlyCount "31"]
[EventDate "2022.07.02"]
[EventType "swiss"]
[EventRounds "9"]
[EventCountry "CZE"]

1. d4 Nf6 2. c4 e6 3. Nc3 Bb4 4. e3 b6 5. Bd3 Bb7 6. Nf3 Ne4 7. O-O Bxc3 8. bxc3 f5 9. Ne1 O-O 10. f3 Nf6 11. Qe2 d6 12. e4 fxe4 13. fxe4 e5 14. Nc2 Nbd7 15. d5 Qe8 16. Ne3 1/2-1/2

[Event "28. Klatovy A 2022"]
[Site "Klatovy"]
[Date "2022.07.09"]
[Round "8.8"]
[White "Flajsman, Pavel"]
[Black "Gernert, Otakar"]
[Result "1-0"]
[WhiteElo "2177"]
[BlackElo "2039"]
[PlyCount "77"]
[EventDate "2022.07.02"]
[EventType "swiss"]
[EventRounds "9"]
[EventCountry "CZE"]

1. c4 Nf6 2. Nc3 e5 3. Nf3 Nc6 4. e3 Bb4 5. Qc2 O-O 6. a3 Bxc3 7. Qxc3 Re8 8. b4 Ne4 9. Qb3 Nxf2 10. Kxf2 e4 11. Nd4 Qf6+ 12. Ke1 Nxd4 13. exd4 d5 14. Qe3 Bg4 15. Qf2 Qh6 16. Be2 Bd7 17. Qe3 Qg6 18. g3 Bh3 19. Rg1 f5 20. cxd5 Kh8 21. Bb2 Rad8 22. Rc1 Re7 23. Kd1 Bg4 24. Bxg4 Qxg4+ 25. Kc2 Rxd5 26. Kb1 Qg6 27. Rc5 c6 28. Rgc1 h6 29. b5 Rd6 30. Qf4 Rf7 31. Re5 Kh7 32. Ka1 Rdf6 33. d5 cxb5 34. Re8 Ra6 35. Qe5 b4 36. Re6 Rf6 37. Rxa6 bxa6 38. Rc7 bxa3 39. Qxf6 1-0

[Event "28. Klatovy A 2022"]
[Site "Klatovy"]
[Date "2022.07.09"]
[Round "8.9"]
[White "Kupsa, Matej 2001"]
[Black "Skypala, Ondrej"]
[Result "1/2-1/2"]
[WhiteElo "2079"]
[BlackElo "2142"]
[PlyCount "98"]
[EventDate "2022.07.02"]
[EventType "swiss"]
[EventRounds "9"]
[EventCountry "CZE"]

{[%evp 0,46,25,25,27,33,26,17,13,12,17,19,7,17,13,20,17,6,2,2,0,-8,-8,-5,-8,-29,-37,-32,-24,-19,1,-25,-15,-21,-16,-16,-15,2,0,-10,-10,-56,-52,-42,-24,-57,-31,-33,-33]} 1. d4 Nf6 2. Nf3 e6 3. Bg5 Be7 4. Nbd2 d5 5. e3 O-O 6. Bd3 Nbd7 7. O-O b6 8. c3 Bb7 9. Qe2 h6 10. Bh4 Ne4 11. Bxe7 Qxe7 12. Ne5 Nxe5 13. dxe5 Nxd2 14. Qxd2 f5 15. exf6 Qxf6 16. Rae1 Rad8 17. f4 c5 18. Qe2 e5 19. fxe5 Qxe5 20. Rxf8+ Rxf8 21. Bc2 Bc8 22. a3 Bf5 23. Bxf5 Qxf5 24. h3 Re8 25. Rf1 Qe6 26. Re1 Kh8 27. Qf3 Qe4 28. Qxe4 Rxe4 29. Kf2 Kg8 30. Ke2 Kf7 31. Kd3 Ke7 32. Re2 b5 33. Re1 a6 34. Re2 h5 35. g3 c4+ 36. Kd2 Re6 37. Rf2 Rf6 38. Rg2 Rf1 39. Ke2 Rb1 40. Kf3 Ke6 41. e4 Rf1+ 42. Ke2 Rh1 43. exd5+ Kxd5 44. Kf3 Rd1 45. Re2 Rd3+ 46. Kf4 g5+ 47. Kxg5 Rxg3+ 48. Kh4 Rf3 49. Rd2+ Ke5 1/2-1/2

[Event "28. Klatovy A 2022"]
[Site "Klatovy"]
[Date "2022.07.09"]
[Round "8.10"]
[White "Palek, Miroslav"]
[Black "Novotny, David"]
[Result "1/2-1/2"]
[WhiteElo "2125"]
[BlackElo "1958"]
[PlyCount "60"]
[EventDate "2022.07.02"]
[EventType "swiss"]
[EventRounds "9"]
[EventCountry "CZE"]

1. e4 c5 2. Nf3 d6 3. Bb5+ Bd7 4. c4 Nf6 5. Nc3 g6 6. d4 cxd4 7. Nxd4 Bg7 8. Be3 a6 9. Bxd7+ Nbxd7 10. Rc1 Rc8 11. b3 Qa5 12. Bd2 Qb6 13. Nf3 Nc5 14. Qe2 O-O 15. O-O Qc6 16. Rfe1 e6 17. h3 Rfd8 18. Bg5 h6 19. Bf4 d5 20. exd5 exd5 21. cxd5 Nxd5 22. Nxd5 Qxd5 23. Red1 Qe6 24. Rxd8+ Rxd8 25. Qxe6 Nxe6 26. Be3 Kh7 27. Kf1 g5 28. Ke2 Kg6 29. a4 Rd5 30. Rd1 Nf4+ 1/2-1/2

[Event "28. Klatovy A 2022"]
[Site "Klatovy"]
[Date "2022.07.09"]
[Round "8.11"]
[White "Mik, Tomas"]
[Black "Lhotska, Anna"]
[Result "0-1"]
[WhiteElo "1683"]
[BlackElo "2113"]
[PlyCount "68"]
[EventDate "2022.07.02"]
[EventType "swiss"]
[EventRounds "9"]
[EventCountry "CZE"]

1. e4 c5 2. Nf3 d6 3. d4 cxd4 4. Nxd4 Nf6 5. Nc3 a6 6. Be2 e6 7. O-O Nbd7 8. Be3 b5 9. a3 Bb7 10. Bd3 Rc8 11. f4 Qc7 12. Kh1 Be7 13. Qe1 d5 14. exd5 Nxd5 15. Nxd5 Bxd5 16. Qg3 O-O 17. Qh3 f5 18. Rad1 Rf6 19. Nxf5 exf5 20. Bxf5 Rh6 21. Qg4 Nf6 22. Qg3 Rd8 23. Bd4 Bf8 24. Qe3 Qc6 25. Rd2 Re8 26. Be5 Be4 27. Bh3 Bc5 28. Qc3 Nd5 29. Qb3 Kh8 30. Bd4 Bxd4 31. Rxd4 Nxf4 32. Rxf4 Bxg2+ 33. Kg1 Bxh3 34. Qf3 Rg6+ 0-1

[Event "28. Klatovy A 2022"]
[Site "Klatovy"]
[Date "2022.07.09"]
[Round "8.12"]
[White "Jirousek, Jan"]
[Black "Novak, Vaclav2"]
[Result "1/2-1/2"]
[WhiteElo "2094"]
[BlackElo "1904"]
[PlyCount "74"]
[EventDate "2022.07.02"]
[EventType "swiss"]
[EventRounds "9"]
[EventCountry "CZE"]

1. d4 d5 2. c4 e6 3. Nf3 Nf6 4. Nc3 Be7 5. Bf4 c6 6. e3 Nbd7 7. a3 O-O 8. Bd3 dxc4 9. Bxc4 Nd5 10. Bg3 N7f6 11. O-O Nxc3 12. bxc3 Ne4 13. Qc2 Nxg3 14. hxg3 b6 15. Bd3 h6 16. Rfd1 Bb7 17. a4 Qc7 18. Rac1 c5 19. Be4 Rac8 20. Bxb7 Qxb7 21. Qb3 Rfd8 22. c4 Bf6 23. a5 Qc7 24. axb6 axb6 25. dxc5 bxc5 26. Rxd8+ Rxd8 27. Rd1 Rb8 28. Qd3 Qa5 29. Rb1 Rxb1+ 30. Qxb1 Qb4 31. Qd3 g6 32. Nd2 Qa4 33. Ne4 Be7 34. Kh2 f5 35. Nd2 Qd1 36. Qc3 Qh5+ 37. Kg1 Qd1+ 1/2-1/2

[Event "28. Klatovy A 2022"]
[Site "Klatovy"]
[Date "2022.07.09"]
[Round "8.13"]
[White "Hausner, Ivan"]
[Black "Martirosyan, David"]
[Result "1/2-1/2"]
[WhiteElo "2290"]
[BlackElo "1826"]
[PlyCount "100"]
[EventDate "2022.07.02"]
[EventType "swiss"]
[EventRounds "9"]
[EventCountry "CZE"]

1. Nf3 d5 2. g3 e6 3. Bg2 Nf6 4. O-O Nbd7 5. d3 b6 6. Nbd2 Bb7 7. Re1 Be7 8. e4 dxe4 9. dxe4 O-O 10. e5 Nd5 11. a3 b5 12. c4 bxc4 13. Nxc4 c5 14. Bd2 Ba6 15. Qc2 N7b6 16. b3 Nxc4 17. bxc4 Nb6 18. Ba5 Qc7 19. Rad1 Rad8 20. h4 Bb7 21. Bxb6 axb6 22. Ng5 Bxg5 23. Bxb7 Qxb7 24. hxg5 Qf3 25. Rd6 Qxa3 26. Rb1 g6 27. Qd1 Rb8 28. Qb3 Qxb3 29. Rxb3 Rfd8 30. Rbxb6 Rxb6 31. Rxd8+ Kg7 32. Rc8 Rb1+ 33. Kg2 Rc1 34. Rxc5 h6 35. gxh6+ Kxh6 36. Rc7 Kg7 37. Kf3 Rc3+ 38. Ke4 Rc2 39. f4 Rc3 40. g4 Rc1 41. g5 Re1+ 42. Kd4 Rf1 43. Ke3 Re1+ 44. Kf2 Rc1 45. Rc8 Rc3 46. c5 Rc4 47. Ke3 Rc1 48. c6 Kh7 49. Kd2 Rc5 50. Kd3 Kg7 1/2-1/2

[Event "28. Klatovy A 2022"]
[Site "Klatovy"]
[Date "2022.07.09"]
[Round "8.14"]
[White "Kunc, Jan"]
[Black "Flajsman, Petr"]
[Result "1/2-1/2"]
[WhiteElo "2062"]
[BlackElo "1809"]
[PlyCount "48"]
[EventDate "2022.07.02"]
[EventType "swiss"]
[EventRounds "9"]
[EventCountry "CZE"]

1. e4 c5 2. Nf3 d6 3. d4 cxd4 4. Nxd4 Nf6 5. Nc3 a6 6. Bg5 Nbd7 7. Qe2 h6 8. Bh4 e6 9. f4 Qc7 10. O-O-O Be7 11. g4 g5 12. fxg5 hxg5 13. Bxg5 Ne5 14. Rg1 Bd7 15. Bf4 Rc8 16. g5 Nfg4 17. Rxg4 Nxg4 18. Qxg4 e5 19. Nf5 exf4 20. g6 Bf6 21. Qxf4 Bxf5 22. Qxf5 Bxc3 23. bxc3 Rxh2 24. gxf7+ Kf8 1/2-1/2

[Event "28. Klatovy A 2022"]
[Site "Klatovy"]
[Date "2022.07.09"]
[Round "8.15"]
[White "Turner, Radek"]
[Black "Danko, Jiri"]
[Result "1/2-1/2"]
[WhiteElo "2032"]
[BlackElo "1837"]
[PlyCount "60"]
[EventDate "2022.07.02"]
[EventType "swiss"]
[EventRounds "9"]
[EventCountry "CZE"]

1. g3 c6 2. Nf3 d5 3. Bg2 Nf6 4. c4 dxc4 5. O-O Nbd7 6. Na3 Nb6 7. Qc2 Be6 8. Ng5 Qc8 9. Nxe6 Qxe6 10. e3 g6 11. Rd1 Rd8 12. Bf1 Bg7 13. Nxc4 Nxc4 14. Qxc4 Qd7 15. d4 h5 16. Bg2 h4 17. Bd2 Qf5 18. Qe2 Qe6 19. Ba5 Rd7 20. b3 hxg3 21. hxg3 Ng4 22. Be1 Rxd4 23. Rxd4 Bxd4 24. Rd1 Bb6 25. Qf3 g5 26. Qe4 Qxe4 27. Bxe4 f5 28. Bf3 Nf6 29. Bg2 Bc7 30. b4 O-O 1/2-1/2

[Event "28. Klatovy A 2022"]
[Site "Klatovy"]
[Date "2022.07.09"]
[Round "8.16"]
[White "Kroulik, Vaclav"]
[Black "Mametev, Artem"]
[Result "0-1"]
[WhiteElo "1749"]
[BlackElo "1888"]
[PlyCount "60"]
[EventDate "2022.07.02"]
[EventType "swiss"]
[EventRounds "9"]
[EventCountry "CZE"]

1. e4 c5 2. Nf3 d6 3. d4 cxd4 4. Nxd4 Nf6 5. Nc3 a6 6. Bc4 e6 7. Bb3 Nbd7 8. g4 Nc5 9. f3 Nxb3 10. axb3 Nd7 11. Be3 Be7 12. Qd2 Bh4+ 13. Bf2 Bxf2+ 14. Qxf2 O-O 15. O-O-O Qc7 16. h4 b5 17. g5 b4 18. Na4 Nc5 19. h5 Bd7 20. g6 Nxb3+ 21. Nxb3 Bxa4 22. gxf7+ Qxf7 23. Nd4 e5 24. Nf5 Rac8 25. Rhg1 Qa2 26. Ne7+ Kh8 27. Nxc8 Rxc8 28. Rd3 Bxc2 29. Rxd6 Bb3+ 30. Kd2 Qxb2+ 0-1

[Event "28. Klatovy A 2022"]
[Site "Klatovy"]
[Date "2022.07.09"]
[Round "8.17"]
[White "Skola, Miroslav"]
[Black "Popov, Roman4"]
[Result "0-1"]
[WhiteElo "2086"]
[BlackElo "1826"]
[PlyCount "62"]
[EventDate "2022.07.02"]
[EventType "swiss"]
[EventRounds "9"]
[EventCountry "CZE"]

1. e4 c6 2. d4 d5 3. f3 Qb6 4. c4 e5 5. exd5 exd4 6. dxc6 bxc6 7. Bd3 Nf6 8. Ne2 Bd6 9. Nd2 Nbd7 10. Nb3 c5 11. Qc2 O-O 12. Bd2 a5 13. Nbc1 Ne5 14. Rb1 Re8 15. b3 Qc7 16. h3 Nxd3+ 17. Nxd3 Bf5 18. Kd1 Nh5 19. g4 Bxd3 20. Qxd3 Nf4 21. Nxf4 Bxf4 22. Re1 Rxe1+ 23. Bxe1 Re8 24. Rb2 Re3 25. Qf5 g6 26. Qd5 Qe7 27. Bd2 Rd3 28. Qa8+ Kg7 29. Qxa5 Qe3 30. a4 Qxf3+ 31. Kc1 Qf1+ 0-1

[Event "28. Klatovy A 2022"]
[Site "Klatovy"]
[Date "2022.07.09"]
[Round "8.18"]
[White "Strnad, Jakub"]
[Black "Lhotsky, Zdenek"]
[Result "1-0"]
[WhiteElo "1994"]
[BlackElo "1794"]
[PlyCount "53"]
[EventDate "2022.07.02"]
[EventType "swiss"]
[EventRounds "9"]
[EventCountry "CZE"]

1. e4 c5 2. Nf3 d6 3. d4 cxd4 4. Nxd4 Nf6 5. Nc3 a6 6. Be2 e6 7. Be3 Nbd7 8. f4 Qc7 9. a4 b6 10. Bf3 Bb7 11. O-O Be7 12. Nb3 Rc8 13. g4 Qc4 14. Qd3 d5 15. Qxc4 dxc4 16. Nd2 Bc5 17. Bxc5 Rxc5 18. g5 Ng8 19. Be2 b5 20. axb5 axb5 21. Nxb5 Rxb5 22. Nxc4 Ke7 23. Ra7 Nc5 24. Rfa1 f6 25. Nd6 Kxd6 26. Bxb5 Bxe4 27. Rd1+ 1-0

[Event "28. Klatovy A 2022"]
[Site "Klatovy"]
[Date "2022.07.09"]
[Round "8.19"]
[White "Pick, Stepan"]
[Black "Roubal, Matyas"]
[Result "1-0"]
[WhiteElo "1952"]
[BlackElo "1909"]
[PlyCount "165"]
[EventDate "2022.07.02"]
[EventType "swiss"]
[EventRounds "9"]
[EventCountry "CZE"]

1. Nf3 Nf6 2. c4 g6 3. Nc3 Bg7 4. e4 d6 5. d4 O-O 6. Be2 e5 7. O-O Nc6 8. d5 Ne7 9. b4 a5 10. Ba3 axb4 11. Bxb4 Nd7 12. Nb5 f5 13. Nd2 b6 14. a4 Nf6 15. a5 bxa5 16. Rxa5 Rxa5 17. Bxa5 Ne8 18. c5 dxc5 19. Nb3 fxe4 20. Bc4 Nf5 21. d6+ Kh8 22. dxc7 Qg5 23. Qd8 Nf6 24. Bd2 e3 25. Bxe3 Nxe3 26. fxe3 Bb7 27. Qd2 Bh6 28. Nd6 Qxe3+ 29. Qxe3 Bxe3+ 30. Kh1 Bc8 31. Nxc8 Rxc8 32. Rxf6 Rxc7 33. Rf7 Rxf7 34. Bxf7 Kg7 35. Bc4 Kf6 36. g3 Kf5 37. Bd5 h5 38. Na5 g5 39. Nc4 Bd4 40. Nd6+ Kf6 41. Kg2 e4 42. Nxe4+ Ke5 43. Bc6 Be3 44. Kf3 Kd4 45. Nxc5 g4+ 46. Ke2 Bg1 47. Ne6+ Ke5 48. Ng7 Bxh2 49. Nxh5 Bxg3 50. Nxg3 Kf4 51. Kf2 Ke5 52. Ke3 Kd6 53. Ba4 Ke5 54. Bb3 Kd6 55. Kd4 Kc6 56. Bc4 Kd6 57. Bd5 Ke7 58. Ke5 Kd7 59. Ne4 g3 60. Be6+ Ke7 61. Nxg3 Kf8 62. Nf5 Ke8 63. Nd6+ Ke7 64. Nf5+ Ke8 65. Nh4 Ke7 66. Ng6+ Ke8 67. Kd6 Kd8 68. Bf7 Kc8 69. Ne5 Kd8 70. Bh5 Kc8 71. Nc6 Kb7 72. Bg4 Kb6 73. Be2 Kb7 74. Nd4 Kb6 75. Nb3 Kb7 76. Bf3+ Kb6 77. Bc6 Ka6 78. Kc7 Ka7 79. Bb5 Ka8 80. Nd4 Ka7 81. Nc6+ Ka8 82. Ne7 Ka7 83. Nc8+ 1-0

[Event "28. Klatovy A 2022"]
[Site "Klatovy"]
[Date "2022.07.09"]
[Round "8.20"]
[White "Hosnedl, Jiri"]
[Black "Novotny, Jaroslav2"]
[Result "1-0"]
[WhiteElo "1744"]
[BlackElo "1911"]
[PlyCount "93"]
[EventDate "2022.07.02"]
[EventType "swiss"]
[EventRounds "9"]
[EventCountry "CZE"]

1. d4 Nf6 2. c4 e6 3. Nc3 d5 4. cxd5 exd5 5. Bg5 Be7 6. e3 c6 7. Bd3 O-O 8. Qc2 Nbd7 9. Nge2 Re8 10. O-O Nf8 11. f3 Nh5 12. Bxe7 Qxe7 13. e4 dxe4 14. fxe4 Bg4 15. Rae1 Rac8 16. Nf4 Nxf4 17. Rxf4 Bh5 18. Rff1 Bg6 19. e5 Rcd8 20. Bxg6 Nxg6 21. Qf2 Qe6 22. b3 Re7 23. Ne4 Qd5 24. Nd6 Rf8 25. Nf5 Re6 26. h4 Qd7 27. Qg3 h5 28. Qg5 b6 29. Qxh5 Ne7 30. Nd6 Nd5 31. Rf3 Rh6 32. Qg5 Rg6 33. Rxf7 Qxf7 34. Nxf7 Rxg5 35. Nxg5 Rf4 36. Nf3 Kf7 37. Rc1 Ne7 38. Kf2 Ke6 39. g3 Rf8 40. g4 Kd5 41. Ke3 Ng6 42. h5 Nf4 43. Nh4 Ne6 44. Nf5 Rf7 45. b4 a6 46. Kd3 Ra7 47. Ne3# 1-0

[Event "28. Klatovy A 2022"]
[Site "Klatovy"]
[Date "2022.07.09"]
[Round "8.21"]
[White "Krauskopfova, Lenka 1996"]
[Black "Mach, Ondrej"]
[Result "0-1"]
[WhiteElo "1839"]
[BlackElo "1910"]
[PlyCount "154"]
[EventDate "2022.07.02"]
[EventType "swiss"]
[EventRounds "9"]
[EventCountry "CZE"]

1. c4 e6 2. Nc3 d5 3. d4 Nf6 4. Nf3 Be7 5. Bf4 O-O 6. e3 Nbd7 7. Be2 b6 8. O-O Bb7 9. Rc1 Nh5 10. Be5 f6 11. Bg3 Nxg3 12. hxg3 c6 13. Qb3 Kh8 14. a4 a6 15. Rfd1 f5 16. Ne1 g5 17. Nd3 a5 18. cxd5 exd5 19. Bf3 Bd6 20. Rd2 Qf6 21. Qd1 Qh6 22. Be2 f4 23. exf4 gxf4 24. gxf4 Rxf4 25. g3 Rxd4 26. Bf3 Rg8 27. Ne2 Rh4 28. Bg2 Rh5 29. Nef4 Rf5 30. Qb3 Re8 31. Re2 Rxe2 32. Nxe2 Qd2 33. Qd1 Qxd1+ 34. Rxd1 Nc5 35. Nxc5 Bxc5 36. Nf4 Re5 37. Nd3 Re2 38. Bf3 Rc2 39. Re1 Ba6 40. Nxc5 bxc5 41. Re6 Rc1+ 42. Kh2 Rc2 43. Kg1 Bc4 44. Rxc6 Bb3 45. Ra6 Rxb2 46. Rxa5 Rc2 47. Ra8+ Kg7 48. a5 d4 49. a6 d3 50. Rd8 Ra2 51. Rd7+ Kf6 52. a7 d2 53. a8=Q Rxa8 54. Rxd2 Ra1+ 55. Kg2 c4 56. Rd6+ Ke5 57. Rd5+ Ke6 58. Rc5 Kd6 59. Rc8 Ra7 60. Be4 Ke5 61. Re8+ Kd4 62. Bf5 Rc7 63. f4 c3 64. Re4+ Kd5 65. Re5+ Kd6 66. Re1 c2 67. Rc1 Kd5 68. Kf2 Kd4 69. Ke2 Kc3 70. Ke3 Kb2 71. Kd2 Rc3 72. Bxh7 Rxg3 73. Be4 Rh3 74. Bxc2 Rh2+ 75. Kd1 Bxc2+ 76. Rxc2+ Rxc2 77. Ke1 Rc4 0-1

[Event "28. Klatovy A 2022"]
[Site "Klatovy"]
[Date "2022.07.09"]
[Round "8.22"]
[White "Stastny, Jakub"]
[Black "Langmajer, Jan"]
[Result "1-0"]
[WhiteElo "2023"]
[BlackElo "1869"]
[PlyCount "69"]
[EventDate "2022.07.02"]
[EventType "swiss"]
[EventRounds "9"]
[EventCountry "CZE"]

1. d4 d5 2. c4 e6 3. Nc3 Nf6 4. Bg5 Nbd7 5. cxd5 exd5 6. e3 c6 7. Bd3 Be7 8. Qc2 O-O 9. Nf3 Re8 10. O-O h6 11. Bf4 Bf8 12. h3 Qe7 13. Nd2 g5 14. Bg3 Bg7 15. Rab1 b6 16. b4 Bb7 17. Bf5 Rec8 18. Rfc1 a5 19. bxa5 Rxa5 20. Nf3 Rca8 21. a4 Qd8 22. Ne5 c5 23. Qb2 R8a6 24. Qc2 Ra8 25. Nxd7 Nxd7 26. Bxd7 Qxd7 27. Rxb6 cxd4 28. exd4 Bxd4 29. Rxh6 R5a6 30. Qh7+ Kf8 31. Nb5 Rxh6 32. Qxh6+ Bg7 33. Qxg5 Rxa4 34. Rc7 Ra1+ 35. Kh2 1-0

[Event "28. Klatovy A 2022"]
[Site "Klatovy"]
[Date "2022.07.09"]
[Round "8.23"]
[White "Pecka, Jan"]
[Black "Chalus, Karel"]
[Result "1-0"]
[WhiteElo "1863"]
[BlackElo "1975"]
[PlyCount "89"]
[EventDate "2022.07.02"]
[EventType "swiss"]
[EventRounds "9"]
[EventCountry "CZE"]

1. e4 e5 2. f4 d5 3. exd5 exf4 4. Nf3 Nf6 5. c4 c6 6. d4 cxd5 7. Bxf4 Nc6 8. c5 b6 9. b4 Qe7+ 10. Be2 Qe4 11. Bg5 a5 12. Nc3 Qe6 13. b5 Na7 14. Bxf6 gxf6 15. Rc1 Rb8 16. c6 Bb4 17. Kf2 Qf5 18. Bd3 Qh5 19. Qe2+ Kf8 20. Rhf1 Be6 21. Kg1 Bd6 22. Qf2 Bf4 23. Rce1 Qh6 24. Re2 Rd8 25. Nh4 Bc7 26. Qxf6 Qxf6 27. Rxf6 Kg7 28. Rf1 Nc8 29. Nf5+ Kf8 30. a4 h5 31. Nh4 Rh6 32. Ng6+ Kg7 33. Ne5 Rf6 34. Rxf6 Kxf6 35. Rf2+ Ke7 36. Bf5 Bxe5 37. dxe5 d4 38. Bxe6 fxe6 39. Nd1 Rd5 40. Rf4 d3 41. Re4 Kf7 42. Kf2 Ne7 43. Ke3 Nf5+ 44. Kd2 Nd4 45. c7 1-0

[Event "28. Klatovy A 2022"]
[Site "Klatovy"]
[Date "2022.07.09"]
[Round "8.24"]
[White "Borovsky, Ivan 1969"]
[Black "Richter, Martin1"]
[Result "1-0"]
[WhiteElo "1813"]
[BlackElo "1929"]
[PlyCount "85"]
[EventDate "2022.07.02"]
[EventType "swiss"]
[EventRounds "9"]
[EventCountry "CZE"]

1. e4 e6 2. d4 d5 3. Nd2 a6 4. Ngf3 c5 5. exd5 exd5 6. Be2 Nc6 7. O-O c4 8. c3 Bd6 9. b3 b5 10. a4 Bf5 11. Re1 Nge7 12. Nh4 Be6 13. Bg4 Bxg4 14. Qxg4 O-O 15. b4 Qc8 16. Qxc8 Rfxc8 17. Ndf3 Re8 18. Bd2 h6 19. g3 g5 20. Ng2 Reb8 21. a5 Re8 22. h4 g4 23. Nh2 h5 24. Bf4 Nf5 25. Bxd6 Nxd6 26. Nf4 Rxe1+ 27. Rxe1 Re8 28. Rxe8+ Nxe8 29. Nxh5 f5 30. Nf4 Nf6 31. Nf1 Ne7 32. Ne3 Kf7 33. Kg2 Ke8 34. f3 Kd7 35. fxg4 fxg4 36. h5 Kd6 37. h6 Neg8 38. Nxg4 Nh7 39. Kh3 Nxh6 40. Nxh6 Ng5+ 41. Kg4 Ne4 42. Ne2 Ke6 43. Kf4 1-0